[Event "Oberliga Sued W9899"]
[Site "Wuertemberg"]
[Date "1999.02.07"]
[Round "6"]
[White "Latzke, Boris Alexander"]
[Black "Boehm, Martin"]
[Result "0-1"]
[WhiteElo "2215"]
[BlackElo "2270"]

1.d4 Nf6 2.c4 e6 3.Nf3 Bb4+ 4.Nbd2 d5 5.e3 O-O 6.a3 Be7 7.b3 b6 8.Bd3 Bb7
9.O-O Nbd7 10.Qe2 c5 11.Bb2 dxc4 12.bxc4 Qc7 13.Rfe1 Rad8 14.Rad1 Bc6 15.Bb1 Qb7
16.e4 cxd4 17.Nxd4 e5 18.Nf5 Rfe8 19.Nxe7+ Rxe7 20.Nf1 Ree8 21.Ng3 g6 22.Rd6 Rc8
23.Red1 Ba4 24.R1d3 b5 25.Qd2 bxc4 26.Rf3 Rb8 27.Bc1 Qxb1 28.h3 Rb6 29.Rxb6 axb6
30.Qh6 Nxe4  0-1

[Event "Bunratty Masters"]
[Site "Bunratty"]
[Date "1999.02.20"]
[Round "6"]
[White "Moynihan, Kieran"]
[Black "Winfridsson, Ola"]
[Result "1-0"]
[WhiteElo "2140"]
[BlackElo "2010"]

1.d4 Nf6 2.c4 e6 3.Nf3 Bb4+ 4.Nbd2 d5 5.e3 O-O 6.Bd3 b6 7.O-O Bb7 8.cxd5 exd5
9.Ne5 Nbd7 10.a3 Bd6 11.f4 Ne4 12.Bb5 Bxe5 13.fxe5 a6 14.Bd3 c5 15.Rf5 g6
16.Bxe4 dxe4 17.Rf4 f5 18.Nc4 cxd4 19.exd4 Bd5 20.Nd6 Qe7 21.Rf1 Nxe5 22.dxe5 Qxe5
23.Bf4 Qe6 24.Qd4 Rfd8 25.Rac1 Rxd6 26.Bxd6 Qxd6 27.Rc7  1-0

[Event "BL2-O9899"]
[Site "Germany"]
[Date "1999.02.21"]
[Round "6.8"]
[White "Ahner, Andreas"]
[Black "Loew, Gerald"]
[Result "1/2-1/2"]
[WhiteElo "2235"]
[BlackElo "2295"]

1.d4 Nf6 2.c4 e6 3.Nf3 Bb4+ 4.Nbd2 b6 5.g3 Bb7 6.Bg2 O-O 7.O-O d5 8.Ne5 Nbd7
9.Ndf3 Be7 10.Bf4 c5 11.Rc1 Rc8 12.dxc5 Bxc5 13.Nxd7 Qxd7 14.Ne5 Qe7 15.Nd3 Bd6
16.cxd5 Rxc1 17.Qxc1 Nxd5 18.Bxd6 Qxd6 19.Qd2 Qe7  1/2-1/2

[Event "Victor Ciocaltea Memorial"]
[Site "Bucharest"]
[Date "1999.03.08"]
[Round "5"]
[White "Ionescu, Constantin"]
[Black "Itkis, Boris"]
[Result "1/2-1/2"]
[WhiteElo "2482"]
[BlackElo "2462"]

1.d4 Nf6 2.c4 e6 3.Nf3 Bb4+ 4.Nbd2 b6 5.a3 Bxd2+ 6.Bxd2 Bb7 7.g3 a5 8.Bg2 a4
9.O-O O-O 10.Rc1 d6 11.Be3 c5 12.Rc2 Qc7 13.h3  1/2-1/2

[Event "Novgorod op"]
[Site "Novgorod"]
[Date "1999.03.19"]
[Round "1"]
[White "Burmakin, Vladimir"]
[Black "Loginov, Anton"]
[Result "1-0"]
[WhiteElo "2534"]
[BlackElo "2320"]

1.d4 Nf6 2.c4 e6 3.Nf3 Bb4+ 4.Nbd2 d5 5.a3 Be7 6.g3 Ne4 7.Qc2 Nxd2 8.Bxd2 Nc6
9.Bg2 Bf6 10.Rd1 O-O 11.Bf4 Qe7 12.Ne5 Bxe5 13.dxe5 Qc5 14.Rc1 dxc4 15.Qxc4 Qxc4
16.Rxc4 Bd7 17.O-O Rfc8 18.b4 Rab8 19.Rfc1 a6 20.Be4 h6 21.h4 Na7 22.Rxc7 Bc6
23.Rxc8+ Rxc8 24.Bd3 Bd5 25.Rxc8+ Nxc8 26.Be3 Ne7 27.Bc5 Ng6 28.f4 Bc6 29.Kf2 Nf8
30.Ke3 Nd7 31.Kd4 h5 32.f5 Bb5 33.fxe6 fxe6 34.Bg6 Bxe2 35.Be8 Nb8 36.Bd6 Nc6+
37.Kc5 Bb5 38.Bxh5 Nd8 39.Bf3 Kf7 40.Kb6 Ke8 41.Kc7 Bd3 42.a4  1-0

[Event "Swidnica"]
[Site "Swidnica"]
[Date "1999.03.24"]
[Round "1"]
[White "Yakovich, Yuri"]
[Black "Macieja, Bartlomiej"]
[Result "1/2-1/2"]
[WhiteElo "2565"]
[BlackElo "2553"]

1.d4 Nf6 2.c4 e6 3.Nf3 Bb4+ 4.Nbd2 b6 5.a3 Bxd2+ 6.Qxd2 Bb7 7.e3 O-O 8.Be2 d6
9.O-O Nbd7 10.b4 Ne4 11.Qc2 f5 12.d5 e5 13.Nd2 Nxd2 14.Bxd2 Qe7 15.f4 c6
16.dxc6 Bxc6 17.Bd3 g6 18.e4 fxe4 19.Bxe4 Bxe4 20.Qxe4 Qe6 21.fxe5 Nxe5 22.Rxf8+ Rxf8
23.Rc1 Re8 24.h3 Nf7 25.Qd5 Ne5 26.Qe4 Nf7 27.Qb7 Qe4 28.Qxe4 Rxe4 29.c5 dxc5
30.bxc5 bxc5 31.Rxc5 Re7 32.Rc8+ Kg7 33.Ra8 Ne5 34.Bb4 Rc7 35.Bd6 Rc1+ 36.Kh2 Nc6
37.Rc8 Kf6 38.Rc7 h5 39.Bf4 Rc4 40.Be3 a5  1/2-1/2

[Event "Baden Casino op"]
[Site "Baden"]
[Date "1999.04.08"]
[Round "7"]
[White "Mikavica, Mirko"]
[Black "Leutwyler, Martin"]
[Result "1-0"]
[WhiteElo "2269"]
[BlackElo "2160"]

1.d4 Nf6 2.c4 e6 3.Nf3 Bb4+ 4.Nbd2 b6 5.a3 Bxd2+ 6.Bxd2 Bb7 7.e3 O-O 8.Bd3 Ne4
9.O-O d6 10.Be1 Nd7 11.Nd2 Nxd2 12.Bxd2 f5 13.Qe2 Qh4 14.f3 Rae8 15.e4 e5
16.d5 f4 17.Qf2 Qe7 18.g3 g5 19.Kh1 Kh8 20.Rg1 Rf7 21.b4 Ref8 22.gxf4 gxf4
23.Rg2 Rg8 24.Rag1 Rfg7 25.Be1 Nf8 26.Qh4 Ng6 27.Qh6 Ba6 28.Bf1 Qf7 29.h4 Bc8
30.h5 Ne7 31.Bh4 Rxg2 32.Rxg2 Rxg2 33.Bxg2 Ng8 34.Qg5 h6 35.Qg6 Qxg6 36.hxg6 Kg7
37.Bd8 Nf6 38.Bxc7 Ne8 39.Bb8 a6 40.Ba7 b5 41.c5 Kxg6 42.Bb8 Kf7 43.Kh2 Ke7
44.Bh3 Bxh3 45.Kxh3 dxc5 46.bxc5 Kf6 47.c6  1-0

[Event "Golden Cleopatra op 3rd"]
[Site "Cairo"]
[Date "1999.04.13"]
[Round "3"]
[White "Abdulla, Al Rakib"]
[Black "Aboudi, Marwan"]
[Result "1-0"]
[WhiteElo "2304"]
[BlackElo "2244"]

1.d4 Nf6 2.Nf3 e6 3.c4 Bb4+ 4.Nbd2 b6 5.g3 Bb7 6.Bg2 c5 7.dxc5 bxc5 8.O-O Bxd2
9.Bxd2 O-O 10.Bg5 d6 11.Qd3 Qe7 12.Bxf6 gxf6 13.Rfd1 Rd8 14.Qe3 Nd7 15.Qb3 Rab8
16.Qc3 Bxf3 17.Bxf3 Ne5 18.Bg2 f5 19.Rd2 Rb4 20.b3 Rdb8 21.Rad1 R8b6 22.f4 Ng4
23.Rd3 Nf6 24.Qd2 Ne8 25.Qe3 Ra6 26.R3d2 Qf6 27.h3 Rab6 28.g4 fxg4 29.hxg4 Qh4
30.Rd3 Ra6 31.f5 Qxg4 32.fxe6 fxe6 33.Qf2 Ng7 34.Rg3 Qh5 35.Rf1 Rb8  1-0

[Event "Golden Cleopatra op 3rd"]
[Site "Cairo"]
[Date "1999.04.17"]
[Round "7"]
[White "Volzhin, Alexander"]
[Black "Mohamed, Farag Amrou"]
[Result "1-0"]
[WhiteElo "2548"]
[BlackElo "2240"]

1.d4 Nf6 2.Nf3 e6 3.c4 Bb4+ 4.Nbd2 a5 5.e3 Nc6 6.Bd3 Be7 7.a3 d6 8.O-O O-O
9.b3 e5 10.Bb2 Re8 11.Qc2 Bf8 12.h3 h6 13.Ne4 Nd7 14.Nc3 g6 15.Nd5 Bg7 16.Rad1 exd4
17.exd4 Nf8 18.Ne3 Bd7 19.Rfe1 Nh7 20.d5 Ne5 21.Nxe5 Bxe5 22.Bxe5 Rxe5 23.f4 Re8
24.f5 Qg5 25.Qf2 h5 26.h4 Qh6 27.fxg6 fxg6 28.Qg3 Nf8 29.c5 dxc5 30.Nc4 Bg4
31.Rc1 Qg7 32.Ne5 b6 33.Nxg4 hxg4 34.Qxg4 Rxe1+ 35.Rxe1 a4 36.bxa4 Qc3 37.Rd1 Re8
38.Bxg6 Re1+ 39.Rxe1 Qxe1+ 40.Kh2 Qe5+ 41.Kh3 Kg7 42.Be4+ Kh6 43.Qf5 Qxf5+
44.Bxf5 c4 45.Kg4 c3 46.Kf4 Nd7 47.g4 Nc5 48.Bc2 Nb7 49.Ke5  1-0

[Event "Kastav"]
[Site "Kastav"]
[Date "1999.04.29"]
[Round "8"]
[White "Muhvic, Damir"]
[Black "Cucancic, Sinisa"]
[Result "1/2-1/2"]
[WhiteElo "2236"]
[BlackElo "2248"]

1.d4 Nf6 2.c4 e6 3.Nf3 Bb4+ 4.Nbd2 d5 5.Qa4+ Nc6 6.a3 Bxd2+ 7.Bxd2 O-O 8.Rc1 Ne4
9.Be3 Re8 10.Rd1 Ne7 11.g3 Bd7 12.Qc2 Bc6 13.Bg2 dxc4 14.Ne5 Nd6 15.Bxc6 Nxc6
16.Nxc4 Nxc4 17.Qxc4 Qd5 18.Qxd5 exd5 19.Rd3 Na5 20.h3 Re6 21.Bd2 Nc6 22.e3 Kf8
23.Ke2 Ke8 24.Rc1 Kd7 25.Kf3 Ne7 26.Bb4 Nf5 27.Rdc3 c6 28.a4 Rae8 29.Bc5 a6
30.b3 Nd6 31.Bxd6 Rxd6  1/2-1/2

[Event "Curitiba"]
[Site "Curitiba"]
[Date "1999.05.19"]
[Round "5"]
[White "Matsuura, Everaldo"]
[Black "Limp, Eduardo"]
[Result "1/2-1/2"]
[WhiteElo "2380"]
[BlackElo "2409"]

1.d4 Nf6 2.Nf3 e6 3.c4 Bb4+ 4.Nbd2 b6 5.e3 Bb7 6.Bd3 Be4 7.Bxe4 Nxe4 8.O-O Bxd2
9.Nxd2 Nxd2 10.Bxd2 O-O 11.d5 a5 12.Bc3 f6 13.dxe6 dxe6 14.Qf3 Na6 15.Rad1 Qe7
16.Rd4 Rad8 17.Rfd1 e5 18.Rd5 c6 19.Rxd8 Rxd8 20.h4 Rxd1+ 21.Qxd1 Nc5 22.h5 Qd7
23.Qc2 Qd3 24.Qxd3 Nxd3 25.Kf1 Kf7 26.a3 e4 27.f3 f5 28.fxe4 fxe4 29.Bd4 a4
30.g4 g6 31.hxg6+ hxg6 32.Kg2 Ke6 33.Kg3 b5 34.cxb5 cxb5 35.Kh4 Ne1 36.Bc3 Nf3+
37.Kg3 g5 38.Kf2 Kd5 39.Bf6 Kc4 40.Ke2 Kb3 41.Kd1 Nh2 42.Kc1 Kc4 43.Kc2 Nf3
44.Bd8 Ne1+ 45.Kd2 Nf3+ 46.Kc2 Ne5 47.Bxg5 Nxg4 48.Bf4 Nf6 49.Be5 Nd5 50.Bd4 b4
51.axb4 Nxb4+ 52.Kd2 Nc6 53.Bf6 Kb3 54.Bc3 Ne7 55.Bf6 Nd5 56.Bd4 Nb4 57.Kc1 Kc4
58.Kd2 Nd3 59.Kc2 Ne1+ 60.Kb1 Kd3 61.Ka2 Kc4 62.Kb1 Nf3 63.Ba7 Kd3 64.Ka2 Ne5
65.Ka3 Nc4+ 66.Kxa4 Nxb2+ 67.Kb5 Nc4 68.Kc6 Nxe3 69.Kd6 Nc2 70.Ke5 Nb4 71.Kf4 Nc6
72.Bg1 Nd4 73.Bf2 Ne6+ 74.Kg3 Ng5 75.Ba7 Nf3 76.Kf2  1/2-1/2

[Event "CRO-Cup"]
[Site "Pula"]
[Date "1999.05.26"]
[Round "3"]
[White "Kozul, Zdenko"]
[Black "Dizdar, Goran"]
[Result "1-0"]
[WhiteElo "2585"]
[BlackElo "2563"]

1.d4 Nf6 2.c4 e6 3.Nf3 Bb4+ 4.Nbd2 O-O 5.g3 b6 6.Bg2 Bb7 7.O-O d5 8.cxd5 exd5
9.Ne5 Re8 10.Qa4 Bd6 11.Ndc4 Bf8 12.Bf4 Na6 13.Nc6 Qd7 14.N4e5 Rxe5 15.dxe5 Ne8
16.Rac1 Nc5 17.Qc2 Bxc6 18.Rfd1 a5 19.Be3 Bb7 20.f4 f6 21.Bd4 Ne6 22.Qf5 Qf7
23.Bf2 fxe5 24.Qxe5 Nf6 25.Bh3 Re8 26.Bxe6 Rxe6 27.Qxc7 Qxc7 28.Rxc7 Ba6  1-0

[Event "Pula op 13th"]
[Site "Pula"]
[Date "1999.05.30"]
[Round "2"]
[White "Cebalo, Miso"]
[Black "Jakovljevic, Vlado"]
[Result "1-0"]
[WhiteElo "2511"]
[BlackElo "2296"]

1.d4 Nf6 2.c4 e6 3.Nf3 Bb4+ 4.Nbd2 b6 5.a3 Bxd2+ 6.Bxd2 h6 7.g3 Bb7 8.Bg2 Be4
9.b4 O-O 10.O-O d6 11.Bc3 Nbd7 12.Re1 a6 13.a4 b5 14.cxb5 axb5 15.axb5 Qb8
16.Bf1 Rxa1 17.Qxa1 Qxb5 18.Nd2 Ra8 19.Qc1 Ra2 20.f3 Rc2 21.Qa1 Bc6 22.e4 Qa4
23.Qxa4 Bxa4 24.Nb1 c6 25.Bd3 Ra2 26.Rc1 Bb5 27.Bxb5 cxb5 28.Be1 Ra1 29.Bd2 Ra2
30.Bf4 e5 31.dxe5 Nxe5 32.Bxe5 dxe5 33.Nc3 Rb2 34.Nxb5 Rxb4 35.Nd6 Nd7 36.Rc7 Nb6
37.Nxf7 Nc4 38.Kg2 Rb2+ 39.Kh3 Ne3 40.Nxe5 Nf1 41.Kg4 Rxh2 42.Kf4 Rh3 43.g4 Nh2
44.Rc1 Kh7 45.Rc8 g5+ 46.Kf5 Nxf3 47.Rc7+ Kg8 48.Nd7 Rh1 49.Kf6  1-0

[Event "Pula op 13th"]
[Site "Pula"]
[Date "1999.06.01"]
[Round "4"]
[White "Dizdar, Goran"]
[Black "Hulak, Krunoslav"]
[Result "0-1"]
[WhiteElo "2563"]
[BlackElo "2493"]

1.d4 Nf6 2.Nf3 e6 3.c4 Bb4+ 4.Nbd2 O-O 5.e3 d5 6.a3 Be7 7.b4 b6 8.cxd5 exd5
9.Qc2 Bb7 10.Bd3 Nbd7 11.Rb1 Bd6 12.O-O Qe7 13.Nb3 Rab8 14.Bb2 Ne4 15.Rfc1 c6
16.Qe2 Ba8 17.Rc2 f5 18.Qe1 Rbe8 19.g3 Qe6 20.Bf1 Qh6 21.Re2 Re6 22.Bg2 Qh5
23.Nc1 Bb7 24.Nd3 Ba6 25.Qd1 Rh6 26.Ba1 g5 27.h4 f4 28.hxg5 fxg3 29.gxh6 Rxf3
30.fxg3 Rxg3 31.b5 Bxb5 32.Rxb5 cxb5 33.Qe1 Ndf6 34.Rc2 Ng4 35.Rc8+ Kf7 36.Qf1+ Ke6
37.Nf4+ Bxf4  0-1

[Event "Beersheba-Peterburg Kings m"]
[Site "St Petersburg"]
[Date "1999.06.14"]
[Round "9"]
[White "Huzman, Alexander"]
[Black "Yemelin, Vasily"]
[Result "1/2-1/2"]
[WhiteElo "2575"]
[BlackElo "2550"]

1.d4 Nf6 2.c4 e6 3.Nf3 Bb4+ 4.Nbd2 b6 5.a3 Bxd2+ 6.Qxd2 Bb7 7.e3 O-O 8.Be2 d6
9.O-O Nbd7 10.b4 Qe7 11.Bb2 Ne4 12.Qc2 c5 13.Nd2 Nef6 14.dxc5 bxc5 15.Rfd1 Rfd8
16.b5 e5 17.Nf1 h5 18.f3 Nf8 19.Ng3 g6 20.Bd3 h4 21.Ne4 h3 22.Nxf6+ Qxf6
23.Be4 Qe7 24.Rd2 Nh7 25.Rad1 hxg2 26.Rxg2 a6 27.h4 Bxe4 28.Qxe4 Nf6 29.Qf5 Kf8
30.Qg5 axb5 31.f4 bxc4 32.fxe5 Ng8 33.Qg3 dxe5 34.Rf1 Ra6 35.h5 g5 36.Rf5 f6
37.Qxg5 Qh7 38.Bxe5 Rd5 39.Qf4 Ke8 40.Qxc4 Rd1+ 41.Kh2 Ne7 42.Qxa6 Qxf5 43.Qa4+ Rd7
44.Bg3  1/2-1/2

[Event "Ljubljana op 10th"]
[Site "Ljubljana"]
[Date "1999.06.27"]
[Round "3"]
[White "Brumen, Dinko"]
[Black "Zelcic, Robert"]
[Result "1/2-1/2"]
[WhiteElo "2309"]
[BlackElo "2554"]

1.d4 Nf6 2.c4 e6 3.Nf3 Bb4+ 4.Nbd2 b6 5.a3 Bxd2+ 6.Bxd2 Bb7 7.Bg5 h6 8.Bh4 d6
9.e3 Nbd7 10.Qc2 Qe7 11.Rd1 O-O-O 12.b4 g5 13.Bg3 Kb8 14.c5 dxc5 15.bxc5 bxc5
16.Rb1 Ka8 17.Ne5 Rb8 18.Rxb7 Rxb7 19.Nc6 Qf8 20.Na5 Qb8 21.Nxb7 Qxb7 22.dxc5 Qc6
23.a4 Nh5 24.Bd3 Nxg3 25.hxg3 f5 26.O-O Qxc5 27.Qb3 Qb6 28.Qc3 Rd8 29.Bb5 Nc5
30.Rc1 a6 31.Qxc5 Qxc5 32.Rxc5 axb5 33.axb5 Rd1+ 34.Kh2 Kb7 35.g4 fxg4 36.Kg3 Rd5
37.Rc6 Rxb5 38.Rxe6 Rb6 39.Re7 Rf6 40.e4 Rf4 41.Rh7 Rxe4 42.Rxh6 c5 43.Rg6 Re5
44.Kxg4 c4 45.Rh6 c3 46.Rh1 Kc6 47.f4 gxf4 48.Kxf4 Rc5 49.Ke4 Kb5 50.Kd3 Rg5  1/2-1/2

[Event "Master Tournament"]
[Site "Dortmund"]
[Date "1999.07.10"]
[Round "2"]
[White "Bischoff, Klaus"]
[Black "Schmittdiel, Eckhard"]
[Result "1/2-1/2"]
[WhiteElo "2521"]
[BlackElo "2483"]

1.d4 Nf6 2.Nf3 e6 3.c4 Bb4+ 4.Nbd2 b6 5.a3 Bxd2+ 6.Bxd2 Bb7 7.Bg5 d6 8.e3 Qe7
9.Bh4 Nbd7 10.Bd3 Nf8 11.Qa4+ Qd7 12.Qxd7+ Kxd7 13.Rg1 Ng6 14.Bg3 Nh5 15.Nd2 Nxg3
16.hxg3 c5  1/2-1/2

[Event "Biel MTO"]
[Site "Biel"]
[Date "1999.07.22"]
[Round "3"]
[White "Cebalo, Miso"]
[Black "Rashkovsky, Nukhim N"]
[Result "1/2-1/2"]
[WhiteElo "2453"]
[BlackElo "2513"]

1.d4 Nf6 2.c4 e6 3.Nf3 Bb4+ 4.Nbd2 d5 5.a3 Be7 6.g3 O-O 7.Bg2 c5 8.cxd5 Qxd5
9.O-O cxd4 10.Nb3 e5 11.Nfxd4 Qc4 12.Nf3 Nc6 13.Bg5 Be6 14.Nfd2 Qb5 15.a4 Qb4
16.Nc1 Rfd8 17.Nd3 Qa5 18.Rc1 Nd4  1/2-1/2

[Event "Biel MTO"]
[Site "Biel"]
[Date "1999.07.23"]
[Round "4"]
[White "Mikhalevski, Alexander"]
[Black "Tukmakov, Vladimir B"]
[Result "1/2-1/2"]
[WhiteElo "2474"]
[BlackElo "2557"]

1.d4 Nf6 2.c4 e6 3.Nf3 Bb4+ 4.Nbd2 b6 5.a3 Bxd2+ 6.Qxd2 Bb7 7.g3 Bxf3 8.exf3 d5
9.c5 bxc5 10.dxc5 a5 11.b3 Nbd7 12.Qc3 c6 13.Bb2 O-O 14.Bd3 Qe7 15.b4 e5
16.O-O d4 17.Qc4 Rfb8 18.f4 Nxc5 19.fxe5 Nxd3 20.Qxd3 Qxe5  1/2-1/2

[Event "Dutch Open"]
[Site "Dieren"]
[Date "1999.07.27"]
[Round "8"]
[White "Rapoport, Evgeny"]
[Black "Vink, Nico"]
[Result "0-1"]
[WhiteElo "2267"]
[BlackElo "2271"]

1.d4 Nf6 2.c4 e6 3.Nf3 Bb4+ 4.Nbd2 b6 5.a3 Bxd2+ 6.Qxd2 Bb7 7.g3 d6 8.Bg2 Nbd7
9.O-O O-O 10.b4 Be4 11.Bb2 c6 12.Bh3 Bxf3 13.exf3 b5 14.cxb5 cxb5 15.d5 Nxd5
16.f4 N7b6 17.f5 Nc7 18.fxe6 Nxe6 19.Qe2 Qd7 20.Rad1 Nc4 21.Ba1 Rfe8 22.Qh5 a6
23.Rd4 Qe7 24.Rh4 Nf8 25.Bg2 Rac8 26.Bd5 Ne5 27.Bd4 Qf6 28.Qd1 Qe7 29.f4 Nc6
30.Bf2 Ng6 31.Rh3 Qf6 32.Qh5 h6 33.Qd1 Nge7 34.Bf3 Nf5 35.Qd3 Ncd4 36.Bg4 Qg6
37.Bh5 Qf6 38.Kh1 Rc4 39.g4 Ne7 40.Bh4 Qe6 41.Re3 Qd5+ 42.Kg1 Ne6 43.f5 Nf4
44.Rxf4 Qxd3 45.Rxd3 Rxf4 46.Bg3 Rc4 47.Rxd6 Rc6 48.Rxc6 Nxc6 49.g5 hxg5
50.Bf3 Nd4 51.Bb7 Ne2+ 52.Kf2 Nxg3 53.hxg3 Rb8 54.Bxa6 Kf8 55.Ke3 Ke7 56.Kd4 Kd6  0-1

[Event "Chania op 9th"]
[Site "Chania"]
[Date "1999.08.07"]
[Round "5"]
[White "Kutirov, Rolando"]
[Black "Georgiou, K."]
[Result "1-0"]
[WhiteElo "2392"]
[BlackElo "2186"]

1.d4 Nf6 2.c4 e6 3.Nf3 Bb4+ 4.Nbd2 O-O 5.a3 Bxd2+ 6.Qxd2 b6 7.g3 Bb7 8.Bg2 d6
9.O-O Nbd7 10.b3 Ne4 11.Qc2 f5 12.Ng5 Nxg5 13.Bxb7 Rb8 14.Bc6 Nf7 15.e4 fxe4
16.Bxe4 Nf6 17.Bg2 c5 18.Bb2 Qc7 19.Rae1 Rfe8 20.Re2 cxd4 21.Bxd4 e5 22.Be3 b5
23.cxb5 Qa5 24.a4 d5 25.Bc5 Rbd8 26.b4 Qc7 27.a5 d4 28.b6 Qd7 29.Qb3 axb6
30.Bxb6 Rc8 31.Rd2 Rc3 32.Qxc3 dxc3 33.Rxd7 Nxd7 34.Be3 e4 35.Rc1  1-0

[Event "Scandic Hotels CC"]
[Site "Stockholm"]
[Date "1999.08.07"]
[Round "8"]
[White "Yakovich, Yuri"]
[Black "Sjoberg, Mats"]
[Result "1-0"]
[WhiteElo "2592"]
[BlackElo "2348"]

1.d4 Nf6 2.c4 e6 3.Nf3 Bb4+ 4.Nbd2 O-O 5.a3 Bxd2+ 6.Bxd2 d6 7.Bg5 Nbd7 8.e3 b6
9.Be2 Bb7 10.O-O h6 11.Bh4 g5 12.Bg3 Ne4 13.Nd2 Nxd2 14.Qxd2 f5 15.f3 Qf6
16.b4 a5 17.Rac1 axb4 18.axb4 Kh8 19.c5 bxc5 20.bxc5 f4 21.c6 Bxc6 22.Rxc6 fxg3
23.hxg3 Ra7 24.Rfc1 Qd8 25.Qc3 Nb6 26.Bc4 Qd7 27.Bb3 Rf7 28.Qd3 Kg7 29.Qe4 Kf6
30.f4 Rg7 31.Rxc7  1-0

[Event "MK Cafe Cup-B"]
[Site "Koszalin"]
[Date "1999.08.08"]
[Round "6"]
[White "Pljasunov, Aleksey"]
[Black "Kislov, Mikhail"]
[Result "0-1"]
[WhiteElo "2233"]
[BlackElo "2387"]

1.d4 Nf6 2.c4 e6 3.Nf3 Bb4+ 4.Nbd2 b6 5.a3 Bxd2+ 6.Bxd2 Bb7 7.Bg5 h6 8.Bh4 d6
9.e3 Nbd7 10.Be2 g5 11.Bg3 Ne4 12.O-O f5 13.Nd2 Ndf6 14.Nxe4 Nxe4 15.d5 Qf6
16.Qa4+ Ke7 17.f3 Nxg3 18.hxg3 Qxb2 19.dxe6 Kxe6 20.Rae1 Qc3 21.g4 c6 22.gxf5+ Kd7
23.e4 Kc7 24.Kh1 Qe5 25.c5 dxc5 26.Qc4 Rh7 27.Rd1 b5 28.Qc2 Rd8 29.Rxd8 Kxd8
30.Qd2+ Rd7 31.Qa5+ Kc8 32.f4 gxf4 33.Bg4 h5 34.Bh3 Rd3 35.f6+ Rxh3+ 36.gxh3 Qxe4+
37.Kh2 Qe5 38.Qe1 Qxf6 39.Qe8+ Kc7 40.Qxh5 Qb2+ 41.Kg1 Qxa3 42.Qe5+ Kb6 43.Rxf4 Qg3+
44.Kf1 Qxh3+ 45.Kf2 Qh2+ 46.Ke3 Qg1+ 47.Rf2 Qe1+ 48.Re2 Qh4 49.Rc2 c4 50.Rh2 Qe1+
51.Re2 Qb4  0-1

[Event "AZ Sanace Cup"]
[Site "Olomouc"]
[Date "1999.08.09"]
[Round "3"]
[White "Kaufman, Larry C"]
[Black "Biolek, Richard"]
[Result "1-0"]
[WhiteElo "2427"]
[BlackElo "2439"]

1.d4 e6 2.c4 Bb4+ 3.Nd2 Nf6 4.Nf3 O-O 5.a3 Bxd2+ 6.Bxd2 h6 7.g3 b6 8.Bg2 Bb7
9.O-O d6 10.b4 Nbd7 11.Rc1 e5 12.dxe5 dxe5 13.c5 bxc5 14.bxc5 Bc6 15.Qc2 Qc8
16.Nh4 e4 17.Nf5 Re8 18.Bh3 Qa6 19.Be3 Rab8 20.Qd2 Qxa3 21.Bxh6 e3 22.Bxe3 Rb2
23.Rc2 Rxc2 24.Qxc2 Ne5 25.Qc1 Qa2 26.Nd4 Bd5 27.Qa1 Qxa1 28.Rxa1 Nc4 29.Bf4 a5
30.Bc1 Ra8 31.Bf4 a4 32.c6 a3 33.f3 Nh5 34.Bc1 g6 35.e4 Bxc6 36.Nxc6 Ng7
37.Bf1  1-0

[Event "AZ Sanace Cup"]
[Site "Olomouc"]
[Date "1999.08.10"]
[Round "4"]
[White "Kaufman, Larry C"]
[Black "Franic, Milan"]
[Result "1-0"]
[WhiteElo "2427"]
[BlackElo "2422"]

1.d4 Nf6 2.c4 e6 3.Nf3 Bb4+ 4.Nbd2 d5 5.Qa4+ Nc6 6.a3 Bxd2+ 7.Bxd2 Ne4 8.Qc2 O-O
9.e3 a5 10.Bd3 f5 11.O-O Bd7 12.b4 Be8 13.cxd5 exd5 14.b5 Ne7 15.Rfc1 c6
16.bxc6 bxc6 17.Rab1 Qd6 18.a4 Bh5 19.Ne5 c5 20.Bxe4 fxe4 21.Qxc5 Qf6 22.Be1 Rfc8
23.Qb5 Rd8 24.Bxa5 Rf8 25.Be1 Qg5 26.h4 Qf5 27.Rc7 Rfe8 28.Qc5 Qf6 29.Rbb7 Nf5
30.Qxd5+ Kh8 31.Nf7+ Bxf7 32.Rxf7  1-0

[Event "Petermaennchen GM"]
[Site "Schwerin"]
[Date "1999.08.10"]
[Round "3"]
[White "Levin, Felix"]
[Black "Petrosian, Arshak B"]
[Result "1-0"]
[WhiteElo "2531"]
[BlackElo "2514"]

1.d4 Nf6 2.c4 e6 3.Nf3 Bb4+ 4.Nbd2 O-O 5.a3 Bxd2+ 6.Qxd2 b6 7.e3 Bb7 8.b3 d6
9.Bb2 Nbd7 10.Be2 Ne4 11.Qd3 f5 12.O-O Rf6 13.d5 Rh6 14.g3 e5 15.Nh4 g6 16.Ng2 b5
17.cxb5 Nb6 18.Rad1 Nxd5 19.Qc4 Nf6 20.e4 fxe4 21.Bc1 Kg7 22.Bxh6+ Kxh6 23.Ne3 Nxe3
24.fxe3 Kg7 25.Qe6 Bc8 26.Qxe5 Bh3 27.Qc3 Bxf1 28.Rxf1 Qe7 29.Rc1 Rc8 30.Bg4 Re8
31.Bh3 Kh6 32.Qxc7 Qe5 33.Qxa7 Qxb5 34.Qd4 Qxb3 35.Rc7 Qb1+ 36.Bf1 Re5 37.Qd2 Rf5
38.Rc1 Qb6 39.a4 Nd5 40.Re1 Qa7 41.a5 Ne7 42.a6 Nc6 43.Qxd6 Ne5 44.Bg2 Nf3+
45.Bxf3 exf3 46.Kf2 Qf7 47.Ra1 Qc4 48.Qd2 Rd5 49.Qa2 Qd3 50.a7 Ra5 51.g4 Re5
52.a8=Q Qxe3+ 53.Kg3 f2+ 54.Qf3  1-0

[Event "AZ Sanace Cup"]
[Site "Olomouc"]
[Date "1999.08.12"]
[Round "6"]
[White "Kaufman, Larry C"]
[Black "Kiriakov, Petr"]
[Result "1/2-1/2"]
[WhiteElo "2427"]
[BlackElo "2554"]

1.d4 Nf6 2.c4 e6 3.Nf3 Bb4+ 4.Nbd2 b6 5.a3 Bxd2+ 6.Bxd2 Bb7 7.Bg5 h6 8.Bh4 d6
9.e3 Nbd7 10.Bd3 g5 11.Bg3 h5 12.h3 h4 13.Bh2 Rg8 14.Qe2 g4 15.hxg4 Rxg4
16.O-O-O Rxg2 17.Nxh4 Rg4 18.Nf3 Qe7 19.Rhg1 O-O-O 20.Rxg4 Nxg4 21.Bg3 Rh8
22.e4  1/2-1/2

[Event "Brasilia Cup 3th"]
[Site "Brasilia"]
[Date "1999.08.21"]
[Round "4"]
[White "Coelho, Luis"]
[Black "De Andrade, Waldomido"]
[Result "1/2-1/2"]
[WhiteElo "2041"]
[BlackElo "2232"]

1.d4 Nf6 2.c4 e6 3.Nf3 Bb4+ 4.Nbd2 d5 5.a3 Be7 6.g3 O-O 7.Bg2 a5 8.b3 c5
9.dxc5 Bxc5 10.Bb2 Nc6 11.cxd5 exd5 12.O-O Qe7  1/2-1/2

[Event "BIH-chT"]
[Site "Bihac"]
[Date "1999.08.22"]
[Round "2"]
[White "Kozul, Zdenko"]
[Black "Pezerovic, Edin"]
[Result "1-0"]
[WhiteElo "2612"]
[BlackElo "2447"]

1.d4 Nf6 2.c4 e6 3.Nf3 Bb4+ 4.Nbd2 b6 5.a3 Bxd2+ 6.Qxd2 Bb7 7.e3 O-O 8.Bd3 Qe7
9.Qc2 d6 10.O-O e5 11.Ng5 h6 12.Nh7 Nxh7 13.Bxh7+ Kh8 14.Bf5 Nd7 15.Bd2 Rfe8
16.f3 Kg8 17.d5 Bc8 18.Bh7+ Kh8 19.Bd3 Nc5 20.Be2 Bd7 21.Rab1 a5 22.b4 Nb7
23.e4 Rf8 24.Bd3 axb4 25.axb4 Ra3 26.Bc1 Ra7 27.Bb2 Qg5 28.Rbe1 f6 29.Bc1 Qh5
30.f4 exf4 31.Bxf4 Rfa8 32.Qc3 Ra2 33.Bb1 R8a3 34.Qd4 Ra1 35.Bc1 Rxb1 36.Bxa3 Rb3
37.Re3 Rxe3 38.Qxe3 Kh7 39.h3 Qe5 40.Bc1 Be8 41.Bd2 Bg6 42.Bc3 Qe7 43.Ra1 Nd8
44.Ra7 Nf7 45.Qxb6 Qxe4 46.Rxc7 Qc2 47.Qe3 Be4 48.Qd2 Qb1+ 49.Kh2 Kg8 50.Qf2 Qd3
51.Bxf6 gxf6 52.Qxf6 Bg6 53.b5 h5 54.b6 h4 55.b7  1-0

[Event "Abu Dhabi Masters op"]
[Site "Abu Dhabi"]
[Date "1999.08.24"]
[Round "4"]
[White "Irzhanov, Ruslan"]
[Black "Maherramzade, Javad"]
[Result "1/2-1/2"]
[WhiteElo "2536"]
[BlackElo "2422"]

1.d4 Nf6 2.c4 e6 3.Nf3 Bb4+ 4.Nbd2 O-O 5.e3 b6 6.Bd3 Bb7 7.O-O d5 8.b3 Nbd7
9.Bb2 Ne4 10.Rc1 f5 11.a3 Bd6 12.Ne5 Bxe5 13.dxe5 Ndc5 14.Nxe4 dxe4 15.Bc2 Qg5
16.Bd4 Rad8 17.b4 Nd3 18.Bxd3 exd3 19.f3 f4 20.Qd2 Qg6 21.Kh1 fxe3 22.Bxe3 Rf5
23.Rc3 Rxe5 24.Rd1 Rf5 25.Rxd3 Rdf8 26.Rf1 h6 27.Rd8 Kh7  1/2-1/2

[Event "ESP-ch"]
[Site "Palencia"]
[Date "1999.08.26"]
[Round "8"]
[White "Franco Ocampos, F."]
[Black "Oms Pallise, Josep"]
[Result "1-0"]
[WhiteElo "2474"]
[BlackElo "2412"]

1.d4 Nf6 2.c4 e6 3.Nf3 Bb4+ 4.Nbd2 b6 5.a3 Bxd2+ 6.Qxd2 Bb7 7.e3 O-O 8.Be2 d6
9.O-O a5 10.b3 Nbd7 11.Bb2 Ne4 12.Qc2 f5 13.d5 exd5 14.Nd4 Qe7 15.cxd5 Bxd5
16.Bc4 Bxc4 17.Qxc4+ Qf7 18.Qxc7 Rfc8 19.Qb7 Rab8 20.Qa6 Nd2 21.Rfd1 Nxb3
22.Rab1 Nxd4 23.Rxd4 Qa2 24.Qf1 Rc2 25.Rxd6 Nc5 26.Be5 Re8 27.Ra1 Qb3 28.Bd4 Rc8
29.h3 Ne4 30.Rxb6 Qf7 31.Qa6 R2c7 32.Rab1 Qa2 33.R6b2 Qd5 34.Qb5 Qf7 35.Qxa5 h6
36.Qe5 Kh7 37.a4 Re7 38.Qf4 g5 39.Qf3 Rec7 40.g4 Nf6 41.Kg2  1-0

[Event "London MSO Masters"]
[Site "London"]
[Date "1999.08.27"]
[Round "7"]
[White "Crouch, Colin S"]
[Black "Webb, Laurence"]
[Result "1-0"]
[WhiteElo "2423"]
[BlackElo "2213"]

1.d4 Nf6 2.c4 e6 3.Nf3 Bb4+ 4.Nbd2 d5 5.e3 O-O 6.Bd3 b6 7.Qc2 dxc4 8.Bxc4 Bb7
9.a3 Bxd2+ 10.Bxd2 Ne4 11.Bd3 Nxd2 12.Kxd2 h6 13.Rac1 c5 14.dxc5 Nd7 15.c6 Rc8
16.Qa4 Bxc6 17.Rxc6 Nc5 18.Rxc5 bxc5 19.Qe4 g6 20.Ne5 Qf6 21.Qf4 Qg7 22.Nc4 Rfd8
23.Kc2 Rd5 24.Be4 Rd7 25.Qe5 Qxe5 26.Nxe5 Rd6 27.Nc4 Rd7 28.Bf3 f6 29.Rd1 Rxd1
30.Bxd1 Kf8 31.Be2 Ke7 32.Bd3 g5 33.Kc3 h5 34.h3 h4 35.e4 Rf8 36.Ne3 Kd6
37.Nc4+ Kc7 38.e5 f5 39.Be2 Rg8 40.f3 Kc6 41.Nd6 Rg6 42.Kc4 Rg8 43.Bd1 Kb6
44.Kc3 Kc6 45.Ne8 Kb6 46.Nf6 Rg7 47.Bb3 Re7 48.Ba4 Kc7 49.Kc4 Kb6 50.Nd7+  1-0

[Event "Budapest FS09 IM-A"]
[Site "Budapest"]
[Date "1999.09.06"]
[Round "3"]
[White "Husari, Sate"]
[Black "Eperjesi, Laszlo"]
[Result "1-0"]
[WhiteElo "2307"]
[BlackElo "2381"]

1.d4 Nf6 2.c4 e6 3.Nf3 Bb4+ 4.Nbd2 d5 5.Qa4+ Nc6 6.e3 O-O 7.Qc2 Re8 8.a3 Bf8
9.cxd5 exd5 10.Bd3 a5 11.b3 g6 12.O-O Bd6 13.Bb2 Ne7 14.Ne5 Bf5 15.f3 Bxd3
16.Qxd3 c6 17.Rfe1 Qb6 18.Kh1 Rad8 19.Rad1 Bb8 20.Qf1 a4 21.b4 Qc7 22.g4 Nd7
23.Qg2 Nc8 24.f4 f6 25.Nd3 Nd6 26.f5 Nf8 27.Nc5 Kh8 28.e4 gxf5 29.gxf5 Re7
30.Rg1 Rg7 31.Qh3 dxe4 32.d5 Ne8 33.Ndxe4 cxd5 34.Rxg7 Qxg7 35.Qh4 d4 36.Rxd4 Rxd4
37.Bxd4 Be5 38.Bxe5 fxe5 39.Nxa4 Qd7 40.Nac3 Qxf5 41.Qf2 Qxf2 42.Nxf2 Kg7
43.a4 Nd6 44.Nfe4 Nc4 45.a5 Ne6 46.Na4 Kg6 47.Nec5 Nxc5 48.Nxc5 b6 49.a6  1-0